Papa John's Locations Around The World- Sudden Death - Statistics

General Stats
  • This quiz has been taken 11 times
  • The average score is 3 of 14
Answers on the Grid
Answers color-coded by a green-red scale on the quiz's grid according to % correct below.
Azerbaijan
China
India
Pakistan
South Korea
Spain
France
United Kingdom
United States of America
Italy
Canada
Turkiye
Algeria
Phillippines
Japan
United Arab Emirates
Bahrain
Saudi Arabia
Mexico
Peru
 
Answer Stats
Answer % Correct
China
50%
India
50%
United Kingdom
50%
Canada
33%
South Korea
33%
United Arab Emirates
33%
United States of America
33%
Saudi Arabia
17%
Azerbaijan
0%
Bahrain
0%
Mexico
0%
Pakistan
0%
Peru
0%
Turkiye
0%
No matching quizzes found
Score Distribution
Percent of People with Each Score
Percentile by Number Answered
Your Score History
You have not taken this quiz